000 00589nam a22002057a 4500
005 20260401101539.0
008 260401b |||||||| |||| 00| 0 eng d
020 _a9789358498837
040 _aIN-DiNC
_cIN-DiNC
041 _dasm
082 _a328.54
_bDUT
100 _aDutta, Mridul
_eauthor
245 _aBharatbarshar ain pranayan prakriya (SEC2)/
_cby Mridul Dutta and Dipika Saikia
250 _a1st ed.
260 _aDibrugarh:
_bBanalata,
_c2025.
300 _a136p.
650 _aLegislative procedure in India (SEC2)
700 _aSaikia, Dipika
_eauthor
942 _2ddc
_cBK
999 _c12358
_d12358